00484nam a2200181 a 4500001001300000003000900013005001700022008004100039020002300080082001700103100002000120245006100140260003600201300000900237500003500246505001000281650001100291nice12345678IN_TiNIC20260116014703.0100308s2010 newa grp 000 0 eng  a9788186921517c65000a205.699bSRI aSrivastava, D C aDharma and Ethicsb The Indian Ideal of Human Perfection aNew Delhi bDecent Books c2010 a288p aincludes index and biblioraphy2 aIndex aDharma